| 000 | 00502nam a22001817a 4500 | ||
|---|---|---|---|
| 003 | OSt | ||
| 005 | 20151123185439.0 | ||
| 008 | 151123b xxu||||| |||| 00| 0 eng d | ||
| 040 | _cDDC | ||
| 082 | _a338.9UND2001 | ||
| 100 |
_aUNDP _96273 |
||
| 245 |
_aHuman Development report 2001; _bMaking New Technologies work for Human Development. |
||
| 260 |
_aNew York. _bUndp, _c2001 |
||
| 300 |
_axiii,264p; _bcol,ill; _c28cm |
||
| 504 | _aincludes index. | ||
| 650 |
_aDevelopment. _9612 |
||
| 942 |
_2ddc _cSLOAN |
||
| 999 |
_c2667 _d2667 |
||